00697 2200253 4500001002100000005001500021035002000036007000300056008004100059020000600100082001400106084002000120100001600140245006800156250000600224260006900230300002900299650001700328650000800345700001600353856002800369990002300397990002300420INLIS00000000000771020251022083411 a0010-1025000048ta251022 0 ind  a- a635.25-13 a635.25-13 BAS t0 aBASWARSIATI1 aTeknologi Bawang Merah Berbasis Good Agriculture Practice (GAP) a- aMalang :bBalai Pengkajian Teknologi Pertanian Jawa Timur,c2012 a28p. :bilus ;c21 cme- 4aBawang Merah 4aGAP0 aEli Korlina aPerpustakaan BRMP Jatim a579/2025/BRMPJATIM a580/2025/BRMPJATIM